Loading...
| History - World | 0 | 2 | 0 | 2 | 20 | 125 | 130.00 | 0 | 0 | 0.08 | 4.50 |
| Social Science | 0 | 2 | 0 | 1 | 20 | 108 | 111.50 | 0 | 1 | 1.58 | 14.00 |
| History - European | 0 | 2 | 1 | 1 | 15 | 76 | 103.00 | 0 | 1 | 3.35 | 12.00 |
| History - Other | 0 | 1 | 0 | 0 | 10 | 53 | 53.00 | 1 | 1 | 5.09 | 10.00 |
| Literature - American | 0 | 1 | 0 | 0 | 10 | 92 | 92.00 | 0 | 0 | 3.52 | 5.00 |
| Fine Arts - Other | 0 | 1 | 0 | 0 | 10 | 115 | 115.00 | 0 | 1 | 0.57 | 8.00 |
| Geography/Current Events | 0 | 1 | 0 | 0 | 10 | 100 | 100.00 | 0 | 0 | 2.78 | 5.00 |
| History - American | 0 | 1 | 0 | 0 | 10 | 89 | 89.00 | 0 | 1 | 2.46 | 5.00 |
| Science - Chemistry | 0 | 1 | 0 | 1 | 10 | 120 | 120.00 | 0 | 0 | 0.08 | 4.00 |
| Science - Other | 0 | 1 | 0 | 0 | 10 | 77 | 77.00 | 0 | 1 | 3.13 | 8.00 |
| Mythology | 0 | 1 | 0 | 0 | 10 | 120 | 120.00 | 0 | 0 | 0.00 | 2.00 |
| Other Academic | 0 | 1 | 0 | 0 | 10 | 129 | 129.00 | 0 | 0 | 0.00 | 6.67 |
| Science - Biology | 0 | 1 | 0 | 0 | 10 | 123 | 123.00 | 0 | 0 | 0.00 | 1.00 |
| Literature - World/Other | 0 | 0 | 0 | 0 | 0 | 0.00 | 0 | 0 | 0.00 | 0.00 | |
| Literature - European | 0 | 0 | 1 | 0 | -5 | 0.00 | 0 | 0 | 0.00 | 0.00 |